Responsabilidad del estado
-д хадгалсан:
| Үндсэн зохиолч: | |
|---|---|
| Формат: | Ном |
| Хэл сонгох: | испани |
| Хэвлэсэн: |
Buenos Aires
EUDEBA
1969
|
| Цуврал: | Temas de EUDEBA. Derecho
|
| Нөхцлүүд: | |
| Шошгууд: |
Шошго нэмэх
Шошго байхгүй, Энэхүү баримтыг шошголох эхний хүн болох!
|
MARC
| LEADER | 00000nam a2200000 a 4500 | ||
|---|---|---|---|
| 001 | UCS0586 | ||
| 003 | CL-VaPUC | ||
| 008 | 970426e19690000AG |||||||||||||||||spa|d | ||
| 082 | 0 | 4 | |a 342.088 |b REI |2 21 |
| 100 | 0 | |a Reiriz, María Graciela |e author |9 384265 | |
| 245 | 1 | 0 | |a Responsabilidad del estado |
| 300 | |a 191 p | ||
| 942 | |c BK | ||
| 945 | |d 19970426 00:00:00 |a paguirre | ||
| 260 | |a Buenos Aires |b EUDEBA |c 1969 | ||
| 650 | 0 | |a Derecho administrativo |9 254851 | |
| 650 | 0 | |a Responsabilidad del estado |9 258115 | |
| 650 | 0 | |a Estado |9 255503 | |
| 650 | 7 | |a CARACTERISTICAS ADMINISTRATIVAS |2 CL-VaPUC |9 341798 | |
| 650 | 0 | |a Administración pública |9 255343 | |
| 650 | 0 | |a Actos administrativos |9 256128 | |
| 583 | |a last modification |c 20140410 10:54:44 |k Rodrigo Vera | ||
| 490 | 0 | |a Temas de EUDEBA. Derecho | |
| 999 | |c 258808 |d 258806 | ||
| 952 | |0 0 |1 0 |4 0 |6 342_088000000000000_REI_1969 |7 0 |8 A |9 283113 |a BIBDER |b BIBDER |d 2019-11-19 |i 1838229 |o 342.088 REI 1969 |p 1838229 |r 2019-11-19 |w 2019-11-19 |y BK |k DER | ||
| 952 | |0 0 |1 0 |4 0 |6 342_088000000000000_REI_1969 |7 0 |8 A |9 283115 |a BIBHIS |b BIBHIS |d 2019-11-19 |i 1208721 |o 342.088 REI 1969 |p 1208721 |r 2025-01-20 |w 2019-11-19 |y BK |k HIS | ||
| 952 | |0 0 |1 0 |4 0 |6 342_088000000000000_REI_1969 |7 0 |8 A |9 283116 |a BIBDER |b BIBDER |d 2019-11-19 |i 4448847 |o 342.088 REI 1969 |p 4448847 |r 2023-01-25 |w 2019-11-19 |y BK |k DER | ||